LIBRARY & INFORMATION CENTRE, KCAET, TAVANUR

ONLINE PUBLIC ACCESS CATALOGUE (OPAC)

Selected bibliographics on manual industry methods and equipment (Record no. 11547)

MARC details
000 -LEADER
fixed length control field 00640cam a2200145ua 4500
041 ## - LANGUAGE CODE
Language code of text/sound track or separate title eng
082 ## - DEWEY DECIMAL CLASSIFICATION NUMBER
Classification number 338.634
Item number INT/SE
245 ## - TITLE STATEMENT
Title Selected bibliographics on manual industry methods and equipment
260 ## - PUBLICATION, DISTRIBUTION, ETC. (IMPRINT)
Place of publication Washington :
Name of publisher International co-operation administration ,
Year of publication 1956.
300 ## - PHYSICAL DESCRIPTION
Number of Pages 54 ; .
942 ## - ADDED ENTRY ELEMENTS (KOHA)
Koha item type Books
Holdings
Withdrawn status Lost status Damaged status Home library Current library Date acquired Full call number Accession Number Koha item type
Withdrawn     KAUAET KAUAET 07/04/2012 338.634 712 F Books
free website counter